Новите лидери (Запис номер 160605)
[ съкратено ]
| 000 -Лидер | |
|---|---|
| Контролно поле с фиксирана дължина | 02299nam a2200469 c 4500 |
| 003 - Код на организацията, давaща контролен номер | |
| Контролно поле | BLK |
| 005 - Дата и час на последна редакция | |
| Контролно поле | 20250422175040.0 |
| 008 - Елементи от данни с фиксирана дължина | |
| fixed length control field | 180410b bul|||||r ||||||| ||bul|| |
| 010 ## - Наследен системен номер | |
| LC control number | KNG00167886000 |
| 020 ## - Международен стандартен номер на книга ISBN | |
| Международен стандартен номер на книга ISBN | 978-619-90117-4-4 |
| 040 ## - Източник на каталожния запис | |
| Идентификатор на билиотеката - собственик на записа | BLK |
| 041 ## - Код за език | |
| Код за езика на текст/звукозапис или на отделно заглавие | Български |
| Код за езика КДБФ | Български |
| 072 #7 - Код за тематичната категория | |
| Код организация | bullib |
| Код за тематична категория | Н6201 |
| Текст | Мениджмънт Н |
| 080 ## - УДК | |
| Текстов определител УДК | Методи на управление. Мениджмънт. Анализи, планиране, ръководство, сътрудничество, контрол, коопериране и др. |
| УДК код - определител по УДК | 005.5 |
| УДК - код + определител | 005.5 |
| 080 ## - УДК | |
| Текстов определител УДК | Икономическа психология. Икономическо поведение. Физиологични и психологични елементи. Интереси. Икономически дух |
| УДК код - определител по УДК | 330.16 |
| УДК - код + определител | 330.16 |
| 080 ## - УДК | |
| Текстов определител УДК | Ръководство (лидерство) и авторитет |
| УДК код - определител по УДК | 316.46 |
| УДК - код + определител | 316.46 |
| 100 1# - Редна дума - Автор | |
| Автор | Руджери, Паоло А. |
| Авторска отговорност | първи автор |
| R(LIN) | 117232 |
| 139 ## - Редно поле | |
| Редна дума | Руджери, Паоло А. |
| Авторски знак | Руд - Р 91 |
| 245 10 - Сведения за заглавието | |
| Заглавие | Новите лидери |
| Подзаглавни данни | Ръководство по лидерство за мениджърите от третото хилядолетие |
| Редно поле (дума) | Паоло А. Руджери; прев. от итал. Георги Найденов. |
| 257 ## - Страна на издаване | |
| Страна на създаване/издаване | Италия |
| 260 ## - Област на издателските данни | |
| Име на издателя, разпространителя и проч. | Джей Ей Ем Джи Букс |
| Година на издаване | 2014 |
| Печатница | Хасково : Полиграфюг |
| 300 ## - Физическа характеристика | |
| Страници | 217 с. |
| Размери/Мащаб | 24 см |
| 380 ## - Жанр | |
| Жанр | Общ отдел |
| 500 ## - Общи забележки | |
| Забележка | Ориг. загл. I nuovi condottieri / Paolo A. Ruggeri. - Съдържа и да авт. |
| 650 #4 - Допълнително описание по предмет – тема | |
| Основно описание – тема или топоним | Лидерство |
| 9 (RLIN) | 160414 |
| 650 #4 - Допълнително описание по предмет – тема | |
| Основно описание – тема или топоним | Управленски труд |
| 9 (RLIN) | 244358 |
| 650 #4 - Допълнително описание по предмет – тема | |
| Основно описание – тема или топоним | Мениджмънт |
| 9 (RLIN) | 161870 |
| 650 #4 - Допълнително описание по предмет – тема | |
| Основно описание – тема или топоним | Икономическо поведение |
| 9 (RLIN) | 245306 |
| 653 ## - Ключова дума – ненормативна | |
| Ключова дума | лидерство |
| 653 ## - Ключова дума – ненормативна | |
| Ключова дума | мениджмънт |
| 653 ## - Ключова дума – ненормативна | |
| Ключова дума | управленски труд |
| 653 ## - Ключова дума – ненормативна | |
| Ключова дума | икономическо поведение |
| 659 ## - Тематичен бюлетин | |
| Тематичен бюлетин | Н |
| 700 1# - Други автори (авторска отговорност) | |
| Лично име | Найденов, Георги |
| Автороска отговорност (Описва отношението между автора и произведението) | прев. от итал. |
| 9 (RLIN) | 334918 |
| 852 ## - Местоположение | |
| Форматна сигнатура | Цб 271611 |
| 856 4# - Електронен адрес и достъп | |
| Електронен формат | pdf - файл |
| 856 4# - Електронен адрес и достъп | |
| Електронен формат | pdf - файл |
| 999 ## - СИСТЕМНИ КОНТРОЛНИ НОМЕРА | |
| Koha biblionumber | 160605 |
| Koha biblioitemnumber | 160605 |
| 942 ## - АРТИКУЛИ | |
| Вид на библиотечния материал | Книги |
| Скрит в OPAC | Не |
| Koha issues (borrowed), all copies | 8 |
| Периодичен библиозапис | Да |
| 944 ## - СЪЗДАВАНЕ И РЕДАКЦИЯ на ЗАПИСА | |
| Създаване/Редакция | Създаване |
| Дата на регистрацията/редакция | 27.11.2014 |
| Статус, дата на статуса | Цветомила Тодорова |
| Служител, извършил регистрацията/редакцията | 30576 |
| 944 ## - СЪЗДАВАНЕ И РЕДАКЦИЯ на ЗАПИСА | |
| Създаване/Редакция | Редакция |
| Дата на регистрацията/редакция | 10.01.2018 |
| Статус, дата на статуса | ф / |
| Служител, извършил регистрацията/редакцията | Виолета_Тройчева |
| 999 ## - СИСТЕМНИ КОНТРОЛНИ НОМЕРА | |
| Koha biblioitemnumber | 160605 |
| Код за отписване | Код за изгубен артикул | Източник на класификационната схема | Код за повреда | Коз за рестрикции | Код за отдаване | Артикулен № | Име на библиотеката - собственик | Име на библиотеката, в която се намира в момента | Статус (Текущо местоположение) | Дата на вписване в системата | Местоположение - отдел | Цена в лева | Инвентарен номер | Систематично азбучна сигнатура | Баркод | Номер на екземпляра | Цена в евро | Служебна бележка | Служебен тип на артикула |
|---|---|---|---|---|---|---|---|---|---|---|---|---|---|---|---|---|---|---|---|
| Не е изгубен | Universal Decimal Classification | Не е повреден | без рестрикции | заемане за дома | 268514 | Регионална библиотека "Любен Каравелов" Русе | Регионална библиотека "Любен Каравелов" Русе | Заемна - подръчен фонд | 2014-11-29 | Заемна - подръчен фонд | 24.00 | 120000783264 | 005.5/Р 91 | 120000783264 | 1 | 12.27 | Дост: Pk Вид: Ф N: 418 Дата: 22.11.2014 Дата инв: 06.02.2018 Бележки инв: П2018 | Книги | |
| Не е изгубен | Не е повреден | без рестрикции | ползва се в читалня | 268515 | Регионална библиотека "Любен Каравелов" Русе | Регионална библиотека "Любен Каравелов" Русе | Хранилище | 2015-08-26 | Хранилище | 24.00 | 120000791474 | Цб 271611 | 120000791474 | 2 | 12.27 | Дост: Dp Вид: Д N: 20 Дата: 29.04.2015 | Книги |